00544 a2200181 450000100060000002000060000604000220001210000310003424000630006524500580012830000070018636200090019344000230020265000240022594200070024995200890025699900170034554470 a  cAnchieta - Pituba aFabiane Mesquita e Shirley10a2ª Avaliação de Língua Portuguesa, III Unidadelpor10a2ª Avaliação de Língua Portuguesa, III Unidade a100 a2016 1aColégio Anchieta 4aLíngua Portuguesa cBK 00104070a91.1b91.1d2023-11-21l0p3843/PITr2023-11-21 18:22:14w2023-11-21yBK c54470d54470